Digital library
Contents of material: Digital libraries system. Model of digital library. Digital library programming. Digital age cataloguing. Digital information preservation. Digital archiving. Meta data and systems standards. Networked access management. Networking technology. Digital resources.
Bewaard in:
| Formaat: | Boek |
|---|---|
| Taal: | Undetermined |
| Gepubliceerd in: |
Darya Ganj, New Delhi
Shree
2005
|
| Onderwerpen: | |
| Tags: |
Voeg label toe
Geen labels, Wees de eerste die dit record labelt!
|
| Thư viện lưu trữ: | Trung tâm Học liệu Trường Đại học Cần Thơ |
|---|
| LEADER | 00890nam a2200205Ia 4500 | ||
|---|---|---|---|
| 001 | CTU_124803 | ||
| 008 | 210402s9999 xx 000 0 und d | ||
| 020 | |c 56.00 | ||
| 082 | |a 025.00285 | ||
| 082 | |b D574/Vol.2 | ||
| 245 | 0 | |a Digital library | |
| 245 | 0 | |c Edited by Suresh Chandra Dwivedi | |
| 260 | |a Darya Ganj, New Delhi | ||
| 260 | |b Shree | ||
| 260 | |c 2005 | ||
| 520 | |a Contents of material: Digital libraries system. Model of digital library. Digital library programming. Digital age cataloguing. Digital information preservation. Digital archiving. Meta data and systems standards. Networked access management. Networking technology. Digital resources. | ||
| 650 | |a Library information networks,Libraries,Integrated library systems (Computer systems),Digital libraries | ||
| 650 | |x Automation | ||
| 904 | |i Minh | ||
| 980 | |a Trung tâm Học liệu Trường Đại học Cần Thơ | ||